00433 2200169 4500001002100000005001500021035002000036008004100056245004000097100001500137260002900152300001200181084001600193082001000209650002000219990002400239INLIS00000000000007320240122015811 a0010-0823000073240122 0 ind 1 aTerjemah Hadis Arba'in An Nawawiyah aA. Sunarto aJakarta :bPustaka Amani a46 hlm. a2x2.4 SUN t a2x2.4 4aKumpulan Hadist a0820/STITINKA/01/23